Classifica Marcatori Ligue 1 2016-2017 - Statistics

Statistiche generali
  • Questo quiz è stato fatto 2 volte
  • Il punteggio medio è 3 su 14
Statistiche sulle risposte
Gol Nazione Squadra Calciatore % Corretto
35 Uruguay PSG Edinson Cavani
100%
15 Francia Monaco Kylian Mbappé
50%
12 Brasile PSG Lucas
50%
21 Colombia Monaco Radamel Falcao
50%
28 Francia O. Lione Alexandre Lacazette
0%
20 Francia O. Marsiglia Bafétimbi Gomis
0%
13 Camerun Lorient Benjamin Moukandjo
0%
12 Argentina Nantes Emiliano Sala
0%
15 Francia O. Marsiglia Florian Thauvin
0%
15 Croazia Caen Ivan Santini
0%
12 Francia Guingamp Jimmy Briand
0%
15 Italia Nizza Mario Balotelli
0%
14 Francia Lilla Nicolas de Préville
0%
14 Benin Montpellier Steve Mounié
0%
Nessun quiz corrispondente trovato
Distribuzione punteggi
Percentuale di utenti per punteggio
Percentile per numero di risposta
I tuoi punteggi nel tempo
Non hai fatto questo quiz